| 000 | 00416nam a2200157Ia 4500 | ||
|---|---|---|---|
| 008 | 240729s9999 xx 000 0 und d | ||
| 022 | _a2543-8875 | ||
| 245 | 0 | _aOpen Philosophy | |
| 260 | _aPoland | ||
| 260 | _bDe Gruyter | ||
| 650 | _a Philosophy (General) | ||
| 650 | _aPhilosophy. Psychology. Religion | ||
| 856 | _uhttps://doaj.org/toc/520beb5b3d6c45d298dd0dddb29fb8ae | ||
| 942 | _2ddc | ||
| 942 | _cDOAJEJ | ||
| 999 |
_c73749 _d73749 |
||
| 945 |
_a1 _bMadushi Gamage _c1 _dMadushi Gamage |
||